40 years in mathematical physics / (Record no. 29858)

000 -LEADER
fixed length control field 00695 a2200193 4500
020 ## - INTERNATIONAL STANDARD BOOK NUMBER
International Standard Book Number 9810221991
020 ## - INTERNATIONAL STANDARD BOOK NUMBER
International Standard Book Number 9789810221997
082 ## - DEWEY DECIMAL CLASSIFICATION NUMBER
Classification number 530.15
090 ## - LOCALLY ASSIGNED LC-TYPE CALL NUMBER (OCLC); LOCAL CALL NUMBER (RLIN)
-- 1245
-- 1245
100 1# - MAIN ENTRY--PERSONAL NAME
Personal name Faddeev, L. D.
245 10 - TITLE STATEMENT
Title 40 years in mathematical physics /
Statement of responsibility, etc. L. D. Faddeev.
260 ## - PUBLICATION, DISTRIBUTION, ETC.
Place of publication, distribution, etc. [S.l.] :
Name of publisher, distributor, etc. World Scientific Pub Co Inc,
Date of publication, distribution, etc. 1995.
300 ## - PHYSICAL DESCRIPTION
Extent 450 p. ;
Dimensions 27 cm.
490 1# - SERIES STATEMENT
Series statement World scientific series in 20th century mathematics.
700 ## - ADDED ENTRY--PERSONAL NAME
Personal name Faddeev, L. D.
830 #0 - SERIES ADDED ENTRY--UNIFORM TITLE
Uniform title World scientific series in 20th century mathematics.
942 ## - ADDED ENTRY ELEMENTS (KOHA)
Institution code [OBSOLETE] SNS
Koha item type Book
Call number prefix 530.15 FAD
Holdings
Withdrawn status Lost status Damaged status Not for loan Permanent Location Current Location Date acquired Total Checkouts Full call number Barcode Date last seen Price effective from Koha item type
        School of Natural Sciences (SNS) School of Natural Sciences (SNS) 05/26/2016   530.15 FAD SNS0001431 05/26/2016 05/26/2016 Book
© 2023 Central Library, National University of Sciences and Technology. All Rights Reserved.